Biblioteca

The Lord of the rings (Registro nro. 66257)

Detalles MARC
000 -LÍDER
Campo fijo de descripción fija 01243nam a2200373 i 4500
001 - NÚMERO DE CONTROL
Campo de control 768714001
003 - IDENTIFICADOR DEL NÚMERO DE CONTROL
Campo de control CO-MdFUSB
005 - FECHA Y HORA DE LA ULTIMA TRANSACCIÓN
control field 20210303111835.0
007 - CAMPO FIJO DE DESCRIPCIÓN FIJA--INFORMACIÓN GENERAL
Campo fijo de descripción fija ta
008 - ELEMENTOS DE LONGITUD FIJA -- INFORMACIÓN GENERAL
Campo fijo de descripción fija -- Información general 060505t19931965nyub 000 1 eng d
010 ## - NÚMERO DE CONTROL DE LA BIBLIOTECA DEL CONGRESO
Número de control LC BL 99789927
020 ## - NÚMERO INTERNACIONAL NORMALIZADO PARA LIBROS
Número Internacional Normalizado del libro 0345339703
020 ## - NÚMERO INTERNACIONAL NORMALIZADO PARA LIBROS
Número Internacional Normalizado del libro 0345339711
020 ## - NÚMERO INTERNACIONAL NORMALIZADO PARA LIBROS
Número Internacional Normalizado del libro 0345339738
040 ## - FUENTE DE CATALOGACIÓN
Agencia de catalogación original NjBwBT
Agencia que realiza la transcripción CO-MdFUSB
Agencia que realiza la modificación NjBwBT
-- CO-MdFUSB
Idioma de catalogación spa
Convenciones de la descripción rda
041 ## - CÓDIGO DE IDIOMA
Código de idioma para texto/pista de sonido o título separado eng
082 ## - NÚMERO DE CLASIFICACIÓN DECIMAL DEWEY
Número de la edición del Dewey 23
Número de clasificación 823.912
Clave de autor-Numero de item T649
100 1# - ASIENTO PRINCIPAL--NOMBRE PERSONAL
Nombre personal Tolkien, J. R. R.
Fechas asociadas con el nombre 1892-1973.
Término relacionador autor
245 14 - TÍTULO
Título del Material The Lord of the rings
Mención de responsabilidad, etc. / J.R.R. Tolkien.
264 #1 - PRODUCCIÓN, PUBLICACIÓN, DISTRIBUCIÓN, MANUFACTURA, Y COPYRIGHT
Lugar de producción, publicación, distribución, manufactura New York :
Nombre del productor, publicador, distribuidor Ballantine Books,
Fecha de producción, publicación, distribución, manufactura, o copyright [1965]
264 #4 - PRODUCCIÓN, PUBLICACIÓN, DISTRIBUCIÓN, MANUFACTURA, Y COPYRIGHT
Fecha de producción, publicación, distribución, manufactura, o copyright © 1965
300 ## - DESCRIPCIÓN FÍSICA
Extensión 398 páginas. :
Otros detalles físicos mapas ;
Dimensiones 18 cm.
336 ## - TIPO DE CONTENIDO
Fuente rdacontent
Término de tipo de contenido texto
Código de tipo de contenido txt
337 ## - TIPO DE MEDIO
Fuente rdamedia
Nombre del tipo de medio sin mediación
Código del tipo de medio n
338 ## - TIPO DE SOPORTE
Fuente rdacarrier
Nombre del tipo de soporte volumen
Código Tipo de soporte nc
505 ## - NOTA DE CONTENIDO
Nota de contenido con formato preestablecido pt. 1. La comunidad del anillo. <br/>pt. 2. Las dos torres. -<br/>pt. 3. El regreso del rey.
520 ## - NOTA DE RESUMEN, ETC.
Nota de sumario, etc. Frodo debe llevar el Anillo Único a través de las fronteras fantasmales de Mordor, la Tierra del Enemigo, y regresar al Fuego que puede destruir sus poderes malvados.
563 ## - NOTA DE ENCUADERNACIÓN
Nota de encuadernación Rústico
653 ## - TÉRMINO DE INDIZACIÓN - NO CONTROLADO
Término no controlado Literatura inglesa.
653 ## - TÉRMINO DE INDIZACIÓN - NO CONTROLADO
Término no controlado Ficción inglesa.
942 ## - TIPO DE MATERIAL (KOHA)
Tipo de Item KOHA Libros General
945 ## - INFORMACIÓN LOCAL DEL REGISTRO
Catalogador JTF-925
Existencias
Estado de Material Estado de Perdido Forma de Clasificación Estado de Dañado No para Préstamo Colección Biblioteca de Origen Biblioteca Permanente Fecha de Adquisición Área Total de Préstamos Signatura Topográfica Código de Barras Última vez visto Última vez Préstado Ejemplar/Existencia Fecha de Remplazo Tipo de Material
    Dewey Decimal Classification     Colección General Biblioteca FUSBC Biblioteca FUSBC 24/06/2020 LITERATURA 2 G 823.912 T649t 9628 13/02/2024 07/02/2024 Vol.1, ej.1 24/06/2020 Libros General
    Dewey Decimal Classification     Colección General Biblioteca FUSBC Biblioteca FUSBC 24/06/2020 LITERATURA   G 823.912 T649l 9629 24/06/2020   Vol.2, ej.1 24/06/2020 Libros General
    Dewey Decimal Classification     Colección General Biblioteca FUSBC Biblioteca FUSBC 24/06/2020 LITERATURA   G 823.912 T649l 9630 04/03/2024   Vol.3, ej.1 24/06/2020 Libros General

Biblioteca FUSBC | Teléfono: (57+4) 349 88 10 Ext. 141| WhatsApp (+57) 3005338115 
E-mail: biblioteca@unisbc.edu.co | Calle 76 87-14 Robledo Palenque, Medellín, Colombia

Con tecnología Koha